[Event "RUS IPCA-ch"]
[Site "Nalchik"]
[Date "2015.05.06"]
[Round "7"]
[White "Sataeva, Lana"]
[Black "Karpenko, Dmitrii"]
[Result "1/2-1/2"]
[WhiteElo "1609"]
[BlackElo "1819"]
[PlyCount "78"]
[EventDate "2015.04.30"]
[EventType "swiss"]
[EventRounds "9"]
[EventCountry "RUS"]
[SourceTitle "EXT 2018"]
[Source "ChessBase"]
[SourceDate "2017.10.13"]
[SourceVersion "1"]
[SourceVersionDate "2017.10.13"]
[SourceQuality "1"]

1. e4 e5 2. Nf3 Nc6 3. Bb5 d6 4. d4 exd4 5. Nxd4 Bd7 6. Nxc6 bxc6 7. Bc4 Nf6 8. Nc3 Be7 9. 0-0 0-0 10. f4 d5 11. exd5 Bc5+ 12. Kh1 Ng4 13. Ne4 Qh4 14. h3 Bb6 15. Qe1 Qh5 16. Qg3 Rae8 17. Ng5 h6 18. Nf3 cxd5 19. Bd3 c5 20. f5 Nf6 21. Ng1 Ne4 22. Bxe4 Rxe4 23. f6 g6 24. Bf4 Rfe8 25. Rae1 Bf5 26. Nf3 g5 27. Bd6 Qg6 28. Be7 Bd8 29. Qb8 g4 30. Nh4 Qh5 31. Qb5 R8xe7 32. fxe7 Bxe7 33. Qe8+ Bf8 34. Nxf5 Rxe8 35. Rxe8 gxh3 36. Ne7+ Kh7 37. Rxf8 hxg2+ 38. Kxg2 Qg5+ 39. Kh3 Qh5+ 1/2-1/2

[Event "RUS IPCA-ch"]
[Site "Nalchik"]
[Date "2015.05.02"]
[Round "3"]
[White "Karpenko, Dmitrii"]
[Black "Mulenko, Alexander"]
[Result "0-1"]
[WhiteElo "1819"]
[BlackElo "2004"]
[PlyCount "108"]
[EventDate "2015.04.30"]
[EventType "swiss"]
[EventRounds "9"]
[EventCountry "RUS"]
[SourceTitle "EXT 2018"]
[Source "ChessBase"]
[SourceDate "2017.10.13"]
[SourceVersion "1"]
[SourceVersionDate "2017.10.13"]
[SourceQuality "1"]

1. e4 c5 2. Nf3 g6 3. d4 Bg7 4. c3 cxd4 5. cxd4 d5 6. e5 Bg4 7. Bb5+ Nc6 8. 0-0 e6 9. h3 Bxf3 10. Qxf3 Nge7 11. Bg5 0-0 12. Bxc6 bxc6 13. Nc3 h6 14. Bf6 Bxf6 15. Qxf6 Nf5 16. Qxd8 Rfxd8 17. Ne2 Rdb8 18. b3 Rb4 19. Rfd1 a5 20. g4 Ne7 21. Nc1 a4 22. bxa4 Raxa4 23. Nb3 Ra3 24. Rdb1 g5 25. Rb2 Ng6 26. Rc1 Rb6 27. Rc3 Nf4 28. Kh2 Kg7 29. Rbc2 Kg6 30. Kg3 Rba6 31. h4 Rxa2 32. h5+ Kg7 33. Rxc6 Rxc2 34. Rxc2 Ra3 35. Rb2 Nd3 36. Rb1 Nc1 37. Rxc1 Rxb3+ 38. f3 Rd3 39. Kf2 Rxd4 40. Ke3 Ra4 41. Rc8 Ra3+ 42. Kf2 Ra7 43. Rc6 Re7 44. Ke3 f6 45. Kd4 Kf7 46. Ra6 Rc7 47. Ra4 Rb7 48. exf6 Kxf6 49. Ra8 Rb4+ 50. Ke3 Ke5 51. Rh8 d4+ 52. Kf2 Rb2+ 53. Kg3 d3 54. Rxh6 d2 0-1

[Event "RUS IPCA-ch"]
[Site "Nalchik"]
[Date "2015.04.30"]
[Round "1"]
[White "Karpenko, Dmitrii"]
[Black "Gedgafov, Chamal"]
[Result "0-1"]
[WhiteElo "1819"]
[BlackElo "2140"]
[PlyCount "82"]
[EventDate "2015.04.30"]
[EventType "swiss"]
[EventRounds "9"]
[EventCountry "RUS"]
[SourceTitle "EXT 2018"]
[Source "ChessBase"]
[SourceDate "2017.10.13"]
[SourceVersion "1"]
[SourceVersionDate "2017.10.13"]
[SourceQuality "1"]

1. e4 c5 2. Nc3 e6 3. g3 Nc6 4. Bg2 Nf6 5. Nge2 Be7 6. 0-0 d6 7. f4 a6 8. h3 Nd4 9. d3 e5 10. f5 b5 11. g4 h6 12. Ng3 Bb7 13. Nd5 Bxd5 14. exd5 b4 15. Be4 Qd7 16. Be3 Nh7 17. Nh5 Bf6 18. h4 Kf8 19. Nxf6 Nxf6 20. Kg2 Ke7 21. Rh1 Rag8 22. Bxd4 cxd4 23. Qf3 h5 24. g5 Ng4 25. Rac1 Rc8 26. Kg3 f6 27. g6 Rc5 28. Rhe1 Rhc8 29. Qd1 R8c7 30. c4 bxc3 31. b3 Qc8 32. Qe2 a5 33. Rc2 Ne3 34. Rcc1 Nxf5+ 35. Kh2 Nh6 36. Qxh5 Qg4 37. Qxg4 Nxg4+ 38. Kg3 Ne3 39. Rxe3 dxe3 40. h5 Rc8 41. h6 gxh6 0-1

[Event "Lazarevskoe op"]
[Site "Lazarevskoe"]
[Date "2014.06.22"]
[Round "?"]
[White "Karpenko, Dmitrii"]
[Black "Bukanov, Sergei"]
[Result "0-1"]
[WhiteElo "1703"]
[BlackElo "2296"]
[PlyCount "60"]
[EventDate "2014.06.14"]
[EventType "swiss"]
[EventRounds "9"]
[EventCountry "RUS"]
[SourceTitle "EXT 2015"]
[Source "ChessBase"]
[SourceDate "2014.11.20"]
[SourceVersion "1"]
[SourceVersionDate "2014.11.20"]
[SourceQuality "1"]

1. c4 Nf6 2. Nc3 g6 3. g3 Bg7 4. Bg2 0-0 5. Nf3 d6 6. 0-0 e5 7. d3 Nc6 8. a3 a5 9. Rb1 h6 10. Qc2 Be6 11. Re1 Qd7 12. b4 axb4 13. axb4 Bh3 14. Bh1 Ng4 15. b5 Ne7 16. Nd1 f5 17. e3 g5 18. Bg2 Bxg2 19. Kxg2 Rf7 20. Nc3 Raf8 21. Rf1 Ng6 22. h3 f4 23. exf4 gxf4 24. hxg4 fxg3 25. fxg3 Qxg4 26. Qe2 Rxf3 27. Rxf3 Rxf3 28. Qe1 Rxd3 29. Rb4 Nh4+ 30. Kh1 Qf3+ 0-1

[Event "Lazarevskoe op"]
[Site "Lazarevskoe"]
[Date "2013.06.??"]
[Round "8"]
[White "Vorushilo, Alena"]
[Black "Karpenko, Dmitrii"]
[Result "1-0"]
[WhiteElo "1559"]
[BlackElo "1728"]
[PlyCount "51"]
[EventDate "2013.06.03"]
[EventType "swiss"]
[EventRounds "9"]
[EventCountry "RUS"]
[SourceTitle "EXT 2015"]
[Source "ChessBase"]
[SourceDate "2014.11.20"]
[SourceVersion "1"]
[SourceVersionDate "2014.11.20"]
[SourceQuality "1"]

1. e4 e5 2. Nf3 Nc6 3. d4 exd4 4. Nxd4 Nxd4 5. Qxd4 d6 6. Bc4 Nf6 7. Nc3 Be6 8. 0-0 Be7 9. Bf4 0-0 10. Rad1 Qc8 11. Rfe1 Rd8 12. Nd5 Nxd5 13. Bxd5 Bf6 14. Bxe6 Bxd4 15. Bxc8 Bxf2+ 16. Kxf2 Raxc8 17. e5 d5 18. e6 f6 19. e7 Re8 20. Rxd5 g5 21. Bg3 Kf7 22. Rd7 f5 23. Bxc7 b5 24. c3 a6 25. Ba5 Rc5 26. Bb4 1-0